000 00592npc a2200205Ia 4500
001 dg111-48941
003 IT-MiCISF
008 161014s9999||||xx | und||
040 _aIT-MiCISF
_cIT-MiCISF
041 _ait
100 _aPollo Mario
245 0 _aGiovani, sport, associazione
_bSondaggio tra i giovani atleti del Centro Sportivo Italiano
250 _a1a ed.
260 _a Roma
_bAranblu
_c1999
300 _app. 70
500 _acontiene questionario / giovani, tempo-libero, associazioni /
650 _aetà-evolutiva
942 _cDD
957 _71
999 _a48941
_bsi
_g1
_c207923
_d207923